000 00406nam a2200133Ia 4500
008 220217s9999||||xx |||||||||||||| ||und||
020 _a978-9380-02641-1
082 _a621.382 5 CHE
100 _aCheruku, Dharma Raj
_96991
245 0 _aSatellite communication
260 _aIK International publishing house
_bBangalore
_c2010
300 _aXIV,330p.;28cm
_b195
650 _aSATELLITE COMMUNICATION
999 _c180628
_d180628